000
00280nam a2200109Ia 4500
008
200302s9999 xx 000 0 und d
100
_a
Carol Soucek King
245
_a
Designg with Light the Creative Touch
260
_b
P B C International Inc.
260
_c
1997
300
_a
142 P.,
999
_c
2039
_d
2039